Transnational corporations and business strategy
Saved in:
| Other Authors: | , |
|---|---|
| Format: | Book |
| Language: | English |
| Published: |
London, New York :
Routledge,
1993
|
| Series: | United Nations library on transnational corporations ;
; 4 |
| Subjects: | |
| Tags: |
Add Tag
No Tags, Be the first to tag this record!
|
MARC
| LEADER | 00000nam a2200000 i 4500 | ||
|---|---|---|---|
| 001 | 1/24868 | ||
| 008 | 960719s1993 eng d | ||
| 020 | |a 0-415-08537-3 | ||
| 035 | |l 10022383 | ||
| 040 | |a GR-MY-UA |b gre |e aacr | ||
| 041 | 0 | |a eng | |
| 082 | 0 | |a 338.88 | |
| 245 | 1 | 0 | |a Transnational corporations and business strategy / |c Edited by:Donald J.Lecraw, Allen J.Morrison |
| 260 | |a London, New York : |b Routledge, |c 1993 | ||
| 300 | |a 402 p. | ||
| 490 | 1 | |a United Nations library on transnational corporations |v ; 4 | |
| 500 | |a Includes index | ||
| 650 | 0 | 0 | |a International business enterprises. |
| 650 | 0 | 0 | |a International business enterprises |x Management. |
| 650 | 0 | 0 | |a Strategic planning. |
| 700 | 1 | |a Lecraw, Donald J. | |
| 700 | 1 | |a Morrison, Allen J. | |
| 830 | 0 | |a United Nations library on transnational corporations ; |v ; 4 | |
| 852 | |a INST |b CHIOS |e 19960719 |h 338.88 TRA |p 005200007096 |q 005200007096 |t BK |y 0 | ||
| 909 | |a Χ |b 040360 | ||